1970 - 2010, 40 anys d'acció veïnal / [aquest número ha estat possible gràcies a la coordinació de Marc Andreu ... [et al.]]
ISBN:
978-84-8334-995-3
Publicado:
Barcelona :
Mediterrània : Federació d'Associacions de Veïns i Veïnes de Barcelona (FAVB) ,
2010
Descripción Física:
438 p. : il. col. ; 24 cm
Colección:
Quaderns de carrer ; 5
Otros Autores:
Andreu, Marc
MARC
| LEADER | 00000nam a2200000Ia 4500 | ||
|---|---|---|---|
| 001 | 22982 | ||
| 003 | BGR | ||
| 005 | 20260324175711.0 | ||
| 008 | 160829s2010 xx 000 0 cat d | ||
| 020 | |a 978-84-8334-995-3 | ||
| 080 | |a M-6-380 | ||
| 245 | |a 1970 - 2010, 40 anys d'acció veïnal / [aquest número ha estat possible gràcies a la coordinació de Marc Andreu ... [et al.]] | ||
| 260 | |a Barcelona : |b Mediterrània : |b Federació d'Associacions de Veïns i Veïnes de Barcelona (FAVB), |c 2010 | ||
| 300 | |a 438 p. : |b il. col. ; |c 24 cm | ||
| 490 | |a Quaderns de carrer ; 5 | ||
| 590 | |a Bibliografia. | ||
| 590 | |a Textos en català i castellà | ||
| 650 | |a Barris |x Barcelona |x Història |x S. XX |9 38294 | ||
| 650 | |a Associacions de veïns |x Barcelona |9 38295 | ||
| 700 | |a Andreu, Marc |9 66464 | ||
| 710 | |a Federació d'Associacions de Veïns i Veïnes de Barcelona |9 66406 | ||
| 901 | |a Arxiu | ||
| 942 | |n 1 |2 udc |c MON | ||
| 952 | |0 0 |1 0 |4 0 |6 M6380 |7 1 |9 48358 |a Arxiu |b Arxiu |d 2016-12-01 |l 0 |o M-6-380 |p 22982 |r 2016-12-01 00:00:00 |w 2016-12-01 |y ARXIU | ||
| 999 | |c 52164 |d 52164 | ||